| 000 | 01101cad a22001935a 4500 | ||
|---|---|---|---|
| 001 | L153890 | ||
| 008 | 110916s2011 xxk f 000 0 eng d | ||
| 035 | _a(Sirsi) u153890 | ||
| 041 | 0 | _aeng | |
| 110 | 2 |
_aAffinity Sutton _95975 |
|
| 245 | 0 | 0 |
_aFuturefit report _bpart one _h[electronic resource] |
| 260 |
_aLondon _bAffinity Sutton _c2011 |
||
| 520 | _a£1.2m project gives an insight into how the Green Deal could work with social housing. With more than 200 homes taking part in the project initial findings show that there is a gap of approximately £3 000 per property between the net cost of carrying out the works and the value of energy savings. Also trials with a low package of works to the value of £6 500 (which is indicative of the Green Deal) the reduction in carbon emissions was only 18%. | ||
| 590 | _aKA NTK | ||
| 651 | 4 |
_aUnited Kingdom _y |
|
| 690 | _aENVIRONMENTAL AND LAND CONSULTANCY-ENERGY-ENERGY USE-ENERGY EFFICIENCY | ||
| 856 | 4 | 0 |
_uhttps://www.affinitysutton.com/pdf/6416_futurefit_report_latest.pdf _zView the item free of charge at www.afinitysutton.com |
| 942 | _n0 | ||
| 999 |
_c112750 _d112750 |
||